Indice de la colección de historiadores y de documentos relativos a la independencia de Chile
Zapisane w:
| 1. autor: | |
|---|---|
| Korporacja: | |
| Format: | Książka |
| Język: | hiszpański |
| Wydane: |
Santiago, Chile
Universitaria
1956
|
| Hasła przedmiotowe: | |
| Etykiety: |
Dodaj etykietę
Nie ma etykietki, Dołącz pierwszą etykiete!
|
MARC
| LEADER | 00000nam a2200000 a 4500 | ||
|---|---|---|---|
| 001 | UCO2527 | ||
| 003 | CL-VaPUC | ||
| 005 | 20230110121856.0 | ||
| 008 | 000608e19560000CL |||||||||||||||||spa|d | ||
| 999 | |c 289033 |d 289031 | ||
| 040 | |c Pontificia Universidad Católica de Valparaíso | ||
| 082 | 0 | 4 | |a 983.04 VIL 1956 |2 21 |
| 100 | 0 | |a Villalobos Rivera, Sergio |e author |9 445823 | |
| 110 | 2 | |a Universidad de Chile |e author |9 445824 | |
| 245 | 1 | 0 | |a Indice de la colección de historiadores y de documentos relativos a la independencia de Chile |
| 260 | |a Santiago, Chile |b Universitaria |c 1956 | ||
| 300 | |a 108 páginas | ||
| 583 | |a last modification |c 20000608 00:00:00 |k Rodrigo Vera | ||
| 650 | 0 | |a Historia de Chile |9 265473 | |
| 650 | 0 | |a Independencia |z CHILE |9 344246 | |
| 650 | 0 | |a Bibliografías |z CHILE |9 257071 | |
| 650 | 0 | |a Ìndices |z CHILE |9 258316 | |
| 852 | |a BIBCUR | ||
| 942 | |c BK |2 ddc | ||
| 945 | |d 20000608 00:00:00 |a crobeson | ||
| 952 | |0 0 |1 0 |2 ddc |4 0 |6 983_040000000000000_VIL_1956 |7 0 |8 A |9 337148 |a BIBHIS |b BIBHIS |d 2019-11-20 |i 1292226 |o 983.04 VIL 1956 |p 1292226 |r 2025-01-20 |t 1 |w 2019-11-20 |y BK |k HIS | ||
| 952 | |0 0 |1 0 |2 ddc |4 0 |6 983_040000000000000_VIL_1956 |7 0 |8 A |9 337149 |a BIBHIS |b BIBHIS |d 2019-11-20 |i 1293966 |o 983.04 VIL 1956 |p 1293966 |r 2025-01-20 |t 2 |w 2019-11-20 |y BK |k HIS | ||
| 952 | |0 0 |1 0 |2 ddc |4 0 |6 983_040000000000000_VIL_1956 |7 0 |8 X |9 337150 |a FDOBUD |b FDOBUD |d 2019-11-20 |i 1069837 |o 983.04 VIL 1956 |p 1069837 |r 2019-11-20 |t 3 |w 2019-11-20 |y BK_X |k BUD | ||
| 952 | |0 0 |1 0 |2 ddc |4 0 |6 983_040000000000000_VIL_1956 |7 0 |8 X |9 337151 |a FDOBUD |b FDOBUD |d 2019-11-20 |i 1069845 |o 983.04 VIL 1956 |p 1069845 |r 2019-11-20 |t 4 |w 2019-11-20 |y BK_X |k BUD | ||